Familia-escuela-comunidad I: una alianza necesaria para un modelo de intervención biopsicosocial positivo

Đã lưu trong:
Chi tiết về thư mục
Tác giả chính: Saracostti Schwartzman, Mahia (Tác giả)
Định dạng: Sách
Ngôn ngữ:Tiếng Tây Ban Nha
Được phát hành: Santiago Universitaria 2013
Phiên bản:1a. ed
Những chủ đề:
Các nhãn: Thêm thẻ
Không có thẻ, Là người đầu tiên thẻ bản ghi này!

MARC

LEADER 00000cam a2200000 a 4500
001 UCE1686
003 CL-VaPUC
008 140508e20130000cl |||||||||||||||||spa|d
020 |a 9789561124028 
082 0 4 |a 371.192  |b SAR  |2 21 
100 0 |a Saracostti Schwartzman, Mahia  |e author  |9 574059 
245 1 0 |a Familia-escuela-comunidad I: una alianza necesaria para un modelo de intervención biopsicosocial positivo 
250 |a 1a. ed 
300 |a 240 p 
942 |c BK 
945 |d 20140508 16:03:00  |a dcastane 
260 |a Santiago  |b Universitaria  |c 2013 
650 7 |a RELACION PADRES ESCUELA  |2 CL-VaPUC  |9 476651 
650 7 |a EDUCACION DE LOS PADRES  |2 CL-VaPUC  |9 338423 
650 0 |a Métodos de enseñanza  |9 270413 
583 |a last modification  |c 20170911 01:21:09  |k Rodrigo Vera 
999 |c 355418  |d 355416 
952 |0 0  |1 0  |3 erb  |4 0  |6 371_192000000000000_SAR_2013  |7 0  |8 A  |9 462128  |a BIBTEO  |b BIBTEO  |i 5071895  |o 371.192 SAR 2013  |p 5071895  |r 2025-01-17  |w 2019-11-23  |y BK  |z Catalogado en:20140508  |k ICR